Matrices 2 /
Guardado en:
| Autor Principal: | |
|---|---|
| Otros Autores: | , |
| Formato: | Libro |
| Publicado: |
Barcelona :
Vicens Vives
|
| Series: | Colección Principios de matemática moderna para la enseñanza
|
| Materias: | |
| Etiquetas: |
Agregar Etiqueta
Sin Etiquetas, Sea el primero en etiquetar este registro!
|
| LEADER | 00780nam a22002175a 4500 | ||
|---|---|---|---|
| 001 | CEM.cems012714 | ||
| 005 | 20070925184549.0 | ||
| 008 | 130507b######################000#0#####d | ||
| 003 | CEMS | ||
| 082 | 0 | 4 | |a 512.83 |
| 100 | 1 | |a Matthews, G. | |
| 245 | 1 | 0 | |a Matrices 2 / |c G. Matthews ; traducción y Notas J. Alonso Juaneda ; prólogo de R. Rodríguez Vidal |
| 260 | |a Barcelona : |b Vicens Vives | ||
| 300 | |a 91 p. | ||
| 490 | 0 | |a Colección Principios de matemática moderna para la enseñanza | |
| 505 | 0 | |a Transformaciones -- Estructuras -- Matrices de probabilidad y valores propios | |
| 653 | |a Matemática | ||
| 653 | |a Matrices | ||
| 700 | 1 | |a Alonso Juaneda, J., trad. | |
| 700 | 1 | |a Rodríguez Vidal, R., pról. | |
| 859 | |a CEMS |b BIB. CEMS - 11 de abril |h 512.83 |i M423 |p 23982.07 |t Ej.1 |v 2 |3 2 | ||
